On the wings of the swan / (Record no. 136777)

MARC details
000 -LEADER
fixed length control field 00631nam a22002057a 4500
010 ## - LIBRARY OF CONGRESS CONTROL NUMBER
LC control number B-012818
020 ## - INTERNATIONAL STANDARD BOOK NUMBER
International Standard Book Number 818578760
035 ## - SYSTEM CONTROL NUMBER
System control number B-012818
037 ## - SOURCE OF ACQUISITION
Source of stock number/acquisition Cen Lib / Ret
040 ## - CATALOGING SOURCE
Original cataloging agency DPL
Language of cataloging EN
082 ## - DEWEY DECIMAL CLASSIFICATION NUMBER
Classification number 181.45
Item number NIR
100 ## - MAIN ENTRY--PERSONAL NAME
Personal name Swami Niranjanananda Saraswati
245 ## - TITLE STATEMENT
Title On the wings of the swan /
Statement of responsibility, etc by Swami Niranjanananda Saraswati
260 ## - PUBLICATION, DISTRIBUTION, ETC. (IMPRINT)
Place of publication, distribution, etc Bihar
Name of publisher, distributor, etc Bihar School of Yoga
Date of publication, distribution, etc 1992
270 ## - ADDRESS
Address G. K. Kejriwal Honorary Secretary bihar
City Bihar
300 ## - PHYSICAL DESCRIPTION
Extent (pt 3. 144p)
Other physical details 24cm(Hb)
650 ## - SUBJECT ADDED ENTRY--TOPICAL TERM
Topical term or geographic name as entry element JUVENILE FICTION / Fantasy & Magic
650 ## - SUBJECT ADDED ENTRY--TOPICAL TERM
Topical term or geographic name as entry element Fairy tales.
942 ## - ADDED ENTRY ELEMENTS (KOHA)
Source of classification or shelving scheme Dewey Decimal Classification
Koha item type English Books
Classification part 181.45
Call number suffix NIR
Holdings
Withdrawn status Lost status Source of classification or shelving scheme Materials specified (bound volume or other part) Damaged status Not for loan Home library Current library Date acquired Source of acquisition Total Checkouts Full call number Barcode Date last seen Copy number Price effective from Koha item type
    Dewey Decimal Classification pt 3     Central Library Central Library 09/03/2016 Cen Lib/Ret   181.45 NIR B-012818 09/03/2016 1 09/03/2016 English Books

© Delhi Public Library
Hit Counter
free hit counter